Представление документа в формате RUSMARC

ПолеНазваниеЗначение
  Тип записи l
  Библиографический уровень m
001 Контрольный номер RU\NLR\BIBL_A\011923434
005 Дата корректировки 20240410121215.0
010 Индекс ISBN __
a ISBN 978-5-9677-2783-2
b Уточнения в кор.
d Цена 201-00
035 Другие системные номера __
a Идентификатор записи (RuMoRGB)009864648
100 Данные общей обработки __
a Данные общей обработки 20190130d2018####d y0rusy028902 ca
101 Язык документа 0_
a Язык текста rus
102 Страна публикации __
a Страна публикации RU
106 Кодированные данные (форма документа) __
a Кодированные данные для формы документа (Обозначение носителя) s
125 Кодированные данные звукозаписи и нотных изданий __
b Определитель литературного текста с
126 Кодированные данные (звукозаписи-физические характеристики) __
a Кодированные данные звукозаписи (общие) аgbхhхх сd
127 Кодированные данные (звукозаписи-физические характеристики) __
a Продолжительность проигрывания 0728##
128 Кодированные данные (звукозаписи-физические характеристики) __
a Кодированные данные: Музыкальная форма и тональность или лад
135 Кодированные данные (электронные ресурсы) __
a Кодированные данные (электронные ресурсы) hongannnauuuu
139 Кодированные данные (электронные ресурсы) __
a Кодированные данные (электронные ресурсы) caz
181 Поле кодированных данных: вид содержания _0
a Код вида содержания (ISBD) h
182 Поле кодированных данных: тип средства _0
a Код типа средства (ISBD) a
200 Заглавие и сведения об ответственности 1_
a Заглавие Дети Солнцевых
f Первые сведения об ответственности Елизавета Кондрашова
g Последующие сведения об ответственности исполнитель и звукорежиссер: Максим Суслов
g Последующие сведения об ответственности музыка Вячеслава Тупиченко
e Сведения, относящиеся к заглавию повесть для юношества : [аудиокнига]
203 Вид содержания и тип средства __
a Вид содержания Устная речь
c Тип средства аудио
210 Выходные данные 1_
a Место издания Москва
c Издательство 1С-Паблишинг
d Дата издания 2018
215 Физическое описание __
a Объем 1 электрон. опт. диск (CD-ROM) (7 ч. 28 мин.)
c Иллюстрации/тип воспроизводства зв.
d Формат 12 см
225 Серия 1_
a Серия 1С: Аудиокниги
225 Серия 1_
a Серия Детям
300 Общие примечания __
a Общие примечания Заглавие с этикетки диска
300 Общие примечания __
a Общие примечания Данные в формате MP3
330 Аннотация __
a Аннотация Елизавета Николаевна Кондрашова (1836-1887), начавшая писать уже в зрелом возрасте, вошла в историю литературы как автор повести "Дети Солнцевых" (1887). В ней воссоздана картина жизни воспитанниц Павловского института благородных девиц, одного из самых известных женских учебных заведений дореволюционной России. Сама Елизавета Николаевна училась в этом институте с 1843 по 1848 год, но действие повести отнесено к более раннему времени - к 1820-м годам. Творческий вымысел переплетен в книге с личными впечатлениями и воспоминаниями писательницы о своем нелегком детстве. В свое время повесть обрела необычайную популярность: она не только была настольной книгой у барышень во многих дворянских домах, но и неоднократно упоминалась в других литературных произведениях для детей.
333 Примечание о целевом назначении __
a Примечание о целевом назначении 6+. Для детей старше шести лет
337 Примечание о системных требованиях (электронные ресурсы) __
a Примечание о системных требованиях (электронные ресурсы) Системные требования: персональный компьютер ; MS Windows 95/98/2000/ XP/Vista/7/8/10 ; Pentium 100 ; ОЗУ 16 Мб ; монитор SVGA, 800x600 ; устройство чтения CD/DVD-ROM ; зв. карта ; колонки или наушники ; мышь
606 Тематические рубрики __
a Основная рубрика Художественная литература
606 Тематические рубрики __
a Основная рубрика Русская литература XIX в. (произведения)
610 Ключевые слова 0_
a Ключевые слова повести
610 Ключевые слова 0_
a Ключевые слова детская литература
610 Ключевые слова 0_
a Ключевые слова тема детства
610 Ключевые слова 0_
a Ключевые слова тема детей
610 Ключевые слова 0_
a Ключевые слова тема девочек
610 Ключевые слова 0_
a Ключевые слова тема истории
610 Ключевые слова 0_
a Ключевые слова тема образования
610 Ключевые слова 0_
a Ключевые слова институтки
610 Ключевые слова 0_
a Ключевые слова тема дворянства
610 Ключевые слова 0_
a Ключевые слова исторические повести
686 Индексы других классификаций __
a Классификационный индекс ст84(2=411.2)1-4я0
2 Код системы rubbks
700 Автор _1
a Фамилия Кондрашова
b Имя Е. Н.
f Даты 1836-1887
g Полное личное имя Елизавета Николаевна
3 Контрольный № нормативной записи RU\NLR\AUTH\77104742
4 Код отношения 070
702 Вторичная интеллектуальная ответственность _1
a Фамилия Суслов
b Имя М.
g Полное личное имя Максим
4 Код отношения 590
4 Код отношения 570
702 Вторичная интеллектуальная ответственность _1
a Фамилия Тупиченко
b Имя В.
g Полное личное имя Вячеслав
4 Код отношения 230
801 Источник записи _0
a Страна RU
b Организация NLR
c Дата составления 20190130
g Правила каталогизации RCR
801 Источник записи _1
a Страна RU
b Организация NLR
c Дата составления 20190130
2 Код формата rusmarc
g Правила каталогизации PSBO
801 Источник записи _2
a Страна RU
b Организация NLR
c Дата составления 20190208
2 Код формата rusmarc
g Правила каталогизации PSBO
852 Данные о местонахождении __
i Авторский знак К 64
j Шифр хранения ст84(2=411.2)1-4я0
899 Данные о местонахождении __
a Местонахождение ЦБС Сургут
900 Макрообъекты __
a Макрообъекты Дети Солнцевых, 2018 г (эл. ресурс)
901 Тип документа __
a Ответственный КиК/Мамарузиева
t Тип документа 0
903 Характеристики (МАРС) __
a Дата передачи 20210204
c Наименование библиотеки (МАРС) Муниципальное бюджетное учреждение культуры "Централизованная библиотечная система" г. Сургут (Центральная городская библиотека им. А. С. Пушкина)
969 Тип издания __
a Тип издания издание для детей
a Тип издания издание для слепых
a Тип издания аудиокнига
990 Данные о заказе (DOS) __
j Количество экземпляров (DOS) 3
t N записи в КСУ для И/У (DOS) 202102